| 000 | 00523nam a2200193 a 4500 | ||
|---|---|---|---|
| 001 | 13649 | ||
| 003 | CO-ViMGA | ||
| 008 | 141112s2004 ck r 000 u spa d | ||
| 020 | _a958648654 | ||
| 040 |
_aCO-ViMGA _bspa _cCO-ViMGA |
||
| 082 | 0 | 4 | _a302.2 N4456p |
| 100 | 1 |
_aNiño R., Victor M. _919909 |
|
| 245 | 1 | 0 | _aLos procesos de la comunicacion y del lenguaje |
| 260 |
_aSantafé de Bogotá : _bEcoe, _c1998 |
||
| 300 | _a366 | ||
| 650 | 1 | 4 |
_aCOMUNICACION _952539 |
| 650 | 1 | 4 |
_aLENGUAJE Y LENGUAS _919910 |
| 942 |
_2ddc _cBK |
||
| 999 |
_c24373 _d24373 |
||